[Event "5th FIDE Grand Prix Series"]
[Site "?"]
[Date "2013.07.05"]
[Round "?"]
[White "Wang, Yue"]
[Black "Gelfand, Boris"]
[WhiteElo "2705"]
[BlackElo "2773"]
[Result "1/2-1/2"]

1. g3 g6 2. Bg2 Bg7 3. d4 d5 4. Nf3 Nf6 5. c4 c6 6. cxd5 cxd5 7. Nc3 Ne4 8. Qb3 Nxc3 9. bxc3 O-O 10. Ba3 Nc6 11. Nd2 Be6 12. O-O Qd7 13. Rfe1 Rac8 14. Qb5 Rfd8 15. Rac1 b6 16. e3 Na5 17. Bf1 Qxb5 18. Bxb5 Kf8 19. Bb4 Nc6 20. Ba3 Na5 21. Bb4 Nc6 22. Ba3 

1/2-1/2

[Event "5th FIDE Grand Prix Series"]
[Site "?"]
[Date "2013.07.06"]
[Round "?"]
[White "Leko, Peter"]
[Black "Wang, Yue"]
[WhiteElo "2737"]
[BlackElo "2705"]
[Result "1/2-1/2"]

1. d4 Nf6 2. c4 e6 3. Nf3 d5 4. Nc3 c5 5. cxd5 Nxd5 6. e4 Nxc3 7. bxc3 cxd4 8. cxd4 Bb4+ 9. Bd2 Bxd2+ 10. Qxd2 O-O 11. Bc4 Nd7 12. O-O b6 13. a4 Bb7 14. Rfe1 Rc8 15. Bd3 h6 16. a5 Qc7 17. axb6 axb6 18. h3 Rfd8 19. Ra3 Qd6 20. Qb2 Ra8 21. Rb3 Qf4 22. Rb4 Qd6 23. Bb1 Rdc8 24. Nd2 e5 25. dxe5 Qxe5 26. Rxb6 Ba6 27. Nf3 Qxb2 28. Rxb2 Nc5 29. Rd2 Bb7 30. Nd4 Rd8 31. f3 Ne6 32. Nb3 Ba6 33. Rc1 Rdb8 34. Ba2 Rc8 35. Rxc8+ Rxc8 36. Na5 Nf4 37. Bd5 Rc5 38. Nb3 Rc3 39. Nd4 g6 40. Kf2 Kg7 41. Bb3 Bc8 42. h4 g5 43. hxg5 hxg5 44. Ba4 Be6 45. Bb5 Kf6 46. Rc2 Rxc2+ 47. Nxc2 g4 48. Nb4 gxf3 49. gxf3 Kg5 50. Ke3 Ng2+ 51. Kd4 Kf4 52. Be2 Kg3 53. e5 Nh4 54. Ke3 Ng6 55. Ke4 Bc8 56. Bc4 Bb7+ 57. Bd5 Bxd5+ 58. Nxd5 Nxe5 59. Kxe5 Kxf3 

1/2-1/2

[Event "5th FIDE Grand Prix Series"]
[Site "?"]
[Date "2013.07.14"]
[Round "?"]
[White "Topalov, Veselin"]
[Black "Wang, Yue"]
[WhiteElo "2767"]
[BlackElo "2705"]
[Result "1/2-1/2"]

1. d4 d5 2. c4 c6 3. Nf3 Nf6 4. Nc3 dxc4 5. a4 Bf5 6. Ne5 Nbd7 7. Nxc4 Nb6 8. Ne5 a5 9. f3 Nfd7 10. e4 Nxe5 11. exf5 Ned7 12. d5 g6 13. dxc6 bxc6 14. Qd4 Rg8 15. fxg6 Rxg6 16. Qf2 Nd5 17. Nxd5 cxd5 18. Bb5 Re6+ 19. Kf1 Bg7 20. g3 Kf8 21. Kg2 d4 22. Rd1 Nb6 23. Ra3 Rc8 24. Rad3 Nd5 25. Rxd4 Rxc1 26. Rxd5 Rxd1 27. Rxd8+ Rxd8 28. Bc4 Rc6 29. Qc2 Rd4 30. b3 Rcd6 31. Qf5 Rd2+ 32. Kf1 Bf6 33. Qxh7 e6 34. Qh6+ Ke7 35. Qe3 Rxh2 36. Qc5 Bc3 37. Bd3 Bb4 38. Qg5+ Kf8 39. Kg1 Ra2 40. Qh6+ Ke7 41. Qg5+ Kd7 42. Qh5 Kd8 43. Qh7 Rd5 44. Kf1 Bc3 45. g4 Ke7 46. Qe4 Kf8 47. f4 Rd2 48. Bc4 R5d4 49. Qe3 Bb4 50. f5 Rxg4 51. fxe6 Rdd4 52. Qh6+ Ke7 53. exf7 Rdf4+ 54. Ke2 Rg2+ 55. Kd3 Rg3+ 56. Ke2 Rg2+ 57. Kd3 Rg3+ 58. Ke2 Rg2+ 59. Kd3 

1/2-1/2

[Event "5th FIDE Grand Prix Series"]
[Site "?"]
[Date "2013.07.15"]
[Round "?"]
[White "Karjakin, Sergey"]
[Black "Wang, Yue"]
[WhiteElo "2776"]
[BlackElo "2705"]
[Result "1/2-1/2"]

1. e4 e5 2. Nf3 Nf6 3. Nxe5 d6 4. Nf3 Nxe4 5. d4 d5 6. Bd3 Nc6 7. O-O Be7 8. c4 Nb4 9. Be2 O-O 10. Nc3 Bf5 11. a3 Nxc3 12. bxc3 Nc6 13. Re1 Re8 14. cxd5 Qxd5 15. Bf4 Rac8 16. h3 h6 17. Nd2 Na5 18. Bf3 Qd7 19. Ne4 Bf8 20. Ra2 Kh8 21. Rae2 b6 22. Ng3 Rxe2 23. Qxe2 Bh7 24. Bg4 f5 25. Bh5 g6 26. Be5+ Bg7 27. Bxg7+ Qxg7 28. Bf3 Rf8 29. Nf1 Bg8 30. Nd2 c5 31. dxc5 Qxc3 32. cxb6 axb6 33. Qe7 Qc5 34. Qd7 Rf7 35. Qa4 Kg7 36. Rb1 Re7 37. h4 Bf7 38. g3 Qc3 39. Qb4 Qxb4 40. Rxb4 Rd7 41. Nf1 Nc4 42. Be2 Nxa3 43. Rxb6 Nc2 44. Ne3 Nxe3 45. fxe3 Rd2 46. Bf3 g5 47. hxg5 hxg5 48. g4 fxg4 49. Bxg4 Bg6 50. Rb7+ Kf6 51. Rb6+ Kg7 52. Rb7+ Kf6 53. Rb6+ 

1/2-1/2

[Event "5th FIDE Grand Prix Series"]
[Site "?"]
[Date "2013.07.16"]
[Round "?"]
[White "Wang, Yue"]
[Black "Giri, A"]
[WhiteElo "2705"]
[BlackElo "2734"]
[Result "1/2-1/2"]

1. c4 g6 2. g3 Bg7 3. Bg2 Nf6 4. Nc3 c5 5. Nf3 O-O 6. O-O Nc6 7. d4 d6 8. dxc5 dxc5 9. Be3 Be6 10. Qa4 Nd4 11. Rad1 Bd7 12. Qa3 Nc2 13. Qxc5 b6 14. Qg5 h6 15. Qf4 g5 16. Qe5 Rc8 17. Nd5 Nxd5 18. Qxd5 Bc6 19. Qxd8 Rfxd8 20. b3 e6 21. Nd2 Nxe3 22. fxe3 b5 23. cxb5 Bxb5 24. Nc4 Rxd1 25. Rxd1 Bxc4 26. bxc4 Rxc4 27. Kf2 Ra4 28. Rd2 Bc3 29. Rc2 Ba5 30. Bc6 Ra3 31. e4 Bb6+ 32. Kf1 g4 33. Bb5 Kg7 34. Bc4 a5 35. Bb3 a4 36. Bc4 Kf6 37. Bd3 h5 38. Kg2 Bd4 39. Kf1 Ke5 40. Kg2 Bc3 41. Kf1 Bd4 42. Kg2 Be3 43. Kf1 Kf6 44. Kg2 Bh6 45. Kf1 Bf8 46. Kg2 Ke5 47. Kf1 Bd6 48. Kf2 Bb4 49. Kg2 Be7 50. Kf2 Bd6 51. Kf1 Bb4 52. Kg2 Bc3 53. Kf1 Ba1 54. Kf2 Bd4+ 

1/2-1/2

[Event "USA - China"]
[Site "?"]
[Date "2013.07.19"]
[Round "?"]
[White "Wang, Yue"]
[Black "Robson, Ray"]
[WhiteElo "2705"]
[BlackElo "2628"]
[Result "1-0"]

1. Nf3 c5 2. g3 g6 3. Bg2 Bg7 4. O-O Nc6 5. c4 e5 6. Nc3 Nge7 7. d3 d6 8. Bd2 O-O 9. Qc1 Nd4 10. Re1 Bg4 11. Nxd4 cxd4 12. Ne4 f5 13. Ng5 Qd7 14. f3 Bh5 15. Nh3 Rac8 16. b3 b5 17. Qa3 bxc4 18. bxc4 d5 19. Nf2 dxc4 20. dxc4 Bf6 21. e4 dxe3 22. Bxe3 Rxc4 23. Qb3 Qa4 24. g4 fxg4 25. fxg4 Qxb3 26. axb3 Rc3 27. gxh5 Bh4 28. Bxa7 Nc8 29. Re4 g5 30. Nd1 Rc2 31. Be3 Re2 32. Bc5 

1-0

[Event "USA - China"]
[Site "?"]
[Date "2013.07.21"]
[Round "?"]
[White "Wang, Yue"]
[Black "Kaidanov, Gregory S"]
[WhiteElo "2705"]
[BlackElo "2577"]
[Result "1-0"]

1. c4 e6 2. Nf3 d5 3. g3 Nf6 4. Bg2 dxc4 5. Qa4+ Nbd7 6. Qxc4 a6 7. Qb3 Rb8 8. a4 c5 9. a5 Bd6 10. O-O O-O 11. d3 b5 12. axb6 Nxb6 13. Na3 Nfd5 14. Nd2 Bd7 15. Qd1 Ba4 16. Qe1 Nb4 17. Ne4 f5 18. Bg5 Qc7 19. Nxd6 Qxd6 20. Qc3 N6d5 21. Qc1 Bb5 22. Nc4 Qc7 23. Bd2 Rbc8 24. Re1 f4 25. Bc3 Nc6 26. Nd2 Qe7 27. Nf3 fxg3 28. hxg3 Qf7 29. Qg5 h6 30. Qg4 Rce8 31. Rf1 e5 32. Rac1 Nf6 33. Qf5 e4 34. dxe4 Nxe4 35. Qxf7+ Rxf7 36. Rfe1 Nxc3 37. bxc3 Na5 38. Nd2 Rd8 39. c4 Bc6 40. Ne4 Nb3 41. Rc3 Re7 42. Nxc5 Nxc5 43. Bxc6 Rd2 44. Bf3 a5 45. Rb1 a4 46. Rb8+ Kh7 47. Ra8 Rd4 48. Ra5 Ne4 49. e3 Rd1+ 50. Bxd1 Nxc3 51. Bxa4 Rc7 52. Bc2+ Kg8 53. Bd3 Rd7 54. Bg6 Kf8 55. Ra3 Rd1+ 56. Kg2 Rc1 57. Ra7 

1-0

[Event "USA - China"]
[Site "?"]
[Date "2013.07.22"]
[Round "?"]
[White "Lenderman, Aleksandr"]
[Black "Wang, Yue"]
[WhiteElo "2548"]
[BlackElo "2705"]
[Result "0-1"]

1. g3 c5 2. Bg2 g6 3. c4 Bg7 4. Nc3 Nc6 5. Nf3 d6 6. O-O Nf6 7. d4 cxd4 8. Nxd4 Bd7 9. Nc2 O-O 10. b3 Qa5 11. Bd2 Qh5 12. Ne3 Bh3 13. Rc1 e6 14. Bf3 Qe5 15. Ng2 Rfd8 16. Nb5 g5 17. Bc3 Qc5 18. Qd2 g4 19. b4 Qb6 20. Bxf6 Bxf6 21. Be4 Bg7 22. Nxd6 Qd4 23. Qxd4 Nxd4 24. Nxb7 Nxe2+ 25. Kh1 Rd4 26. Nd6 Nxc1 27. Bxa8 Nxa2 28. c5 Nxb4 29. c6 Nxc6 30. Nxf7 Kxf7 31. Bxc6 Rd2 32. Be4 a5 33. Rc1 Bb2 34. Re1 Rxf2 35. Nf4 a4 36. Bxh7 a3 37. Bg6+ Kg7 38. Bb1 e5 39. Nd3 Rd2 40. Nxb2 Rxb2 41. Be4 a2 42. Ra1 Kf6 43. Kg1 Ke7 44. Rd1 Bg2 

0-1

[Event "Olympiad Istanbul_M"]
[Site "?"]
[Date "2012.08.28"]
[Round "?"]
[White "Chumfwa, Stanley"]
[Black "Wang, Yue"]
[WhiteElo "2347"]
[BlackElo "2685"]
[Result "1/2-1/2"]

1. e4 c6 2. d4 d5 3. Nd2 dxe4 4. Nxe4 Bf5 5. Ng3 Bg6 6. h4 h6 7. Nf3 Nd7 8. h5 Bh7 9. Bd3 Bxd3 10. Qxd3 e6 11. Bf4 Qa5+ 12. Bd2 Bb4 13. c3 Be7 14. c4 Qc7 15. O-O-O Ngf6 16. Ne4 O-O-O 17. Kb1 c5 18. Nxf6 Nxf6 19. Bc3 Qf4 20. g3 Qe4 21. Rh4 Qxd3+ 22. Rxd3 cxd4 23. Bxd4 Ne8 24. Rg4 a6 25. Kc2 Rg8 26. Ne5 Nf6 27. Rh4 Nd7 28. Rg4 Nf6 29. Rh4 Rgf8 30. Rf4 Bd6 31. Bc3 Bxe5 32. Rxd8+ Kxd8 33. Bxe5 Ke7 34. g4 Rc8 35. f3 Nd5 36. Re4 f6 37. Bg3 Nb4+ 38. Kc3 Nc6 39. f4 Rd8 40. Bf2 e5 41. fxe5 Rd1 42. exf6+ Kxf6 43. Bh4+ Kf7 44. b4 b5 45. cxb5 axb5 46. Kc2 Rd5 47. Be1 Re5 48. Rf4+ Ke6 49. Bc3 Rg5 50. Kb3 Ne7 51. a4 bxa4+ 52. Kxa4 Nd5 53. Re4+ Kd6 54. Bd4 g6 55. hxg6 Rxg6 56. Kb3 Rg5 57. Kc4 h5 58. gxh5 

1/2-1/2

[Event "Olympiad Istanbul_M"]
[Site "?"]
[Date "2012.08.29"]
[Round "?"]
[White "Godena, Michele"]
[Black "Wang, Yue"]
[WhiteElo "2516"]
[BlackElo "2685"]
[Result "0-1"]

1. e4 c5 2. c3 d5 3. exd5 Qxd5 4. d4 Nf6 5. Nf3 Bg4 6. Be2 e6 7. h3 Bh5 8. O-O Nc6 9. Be3 cxd4 10. Nxd4 Bxe2 11. Qxe2 Be7 12. Rd1 O-O 13. Nd2 Rfc8 14. N2f3 h6 15. Nxc6 Qxc6 16. Bd4 b5 17. Ne5 Qb7 18. Ng4 Nxg4 19. Qxg4 Bf8 20. Rd3 Rd8 21. Rg3 Rd5 22. Qf4 Qb8 23. Qe4 Qd8 24. Re1 a6 25. Qf4 g5 26. Qe4 Bg7 27. Bxg7 Kxg7 28. h4 Qf6 29. hxg5 hxg5 30. f4 Rad8 31. Qe3 Rd3 32. fxg5 Qf5 33. Qf2 Qxf2+ 34. Kxf2 Rxg3 35. Kxg3 Rd2 36. a4 Rxb2 37. axb5 Rxb5 38. Kh4 Kg6 39. c4 Rxg5 40. g4 a5 41. Rb1 a4 42. Rb5 Rxb5 43. cxb5 a3 44. b6 a2 45. b7 a1=Q 46. b8=Q Qh1+ 47. Kg3 Qg1+ 48. Kf3 Qf1+ 49. Kg3 Qe1+ 50. Kh3 Qc3+ 51. Kh4 Kg7 52. Qd6 Qf3 53. Qd2 Qf6+ 54. Kg3 Qe5+ 55. Kh4 Qe4 56. Kg3 Kg6 57. Qd8 Qe3+ 58. Kg2 Kg7 59. Qe7 Qf4 60. Qh4 Qe4+ 61. Kf2 Qd4+ 62. Kg2 Qd2+ 63. Kf3 Qc3+ 64. Kg2 Qb2+ 65. Kg3 Qe5+ 66. Kg2 Kg6 67. Qf2 Qe4+ 68. Kg3 Qd3+ 69. Kh4 Qd8+ 70. Kg3 Qb8+ 71. Kh3 Qh8+ 72. Kg2 Qc3 73. Qf4 Qf6 74. Qd2 Qg5 75. Qe2 Qf4 76. Qd3+ Kg5 77. Qd8+ Qf6 78. Qg8+ Qg6 79. Qb8 Qe4+ 

0-1

[Event "Olympiad Istanbul_M"]
[Site "?"]
[Date "2012.08.30"]
[Round "?"]
[White "Lupulescu, Constantin"]
[Black "Wang, Yue"]
[WhiteElo "2614"]
[BlackElo "2685"]
[Result "0-1"]

1. d4 d5 2. c4 c6 3. Nc3 Nf6 4. e3 a6 5. Nf3 b5 6. c5 g6 7. b3 Bg7 8. Bb2 Bg4 9. h3 Bxf3 10. gxf3 Nbd7 11. f4 Ne4 12. Nxe4 dxe4 13. f3 Nf6 14. Bg2 Nd5 15. Qd2 exf3 16. Bxf3 f5 17. h4 e6 18. O-O-O Bf6 19. h5 g5 20. fxg5 Bxg5 21. Rde1 Qc7 22. Kb1 O-O-O 23. Qd3 Rhf8 24. e4 fxe4 25. Qxe4 Kb7 26. Bg4 Bd2 27. Ref1 Bc3 28. Qe5 Bxb2 29. Qxc7+ Nxc7 30. Kxb2 Rxf1 31. Rxf1 Rxd4 32. Bd1 b4 33. Kc1 Rd5 34. Rf7 h6 35. Rh7 Rxc5+ 36. Kd2 Ra5 37. Rxh6 Rxa2+ 38. Bc2 Nb5 39. Kd3 e5 40. Re6 Nd4 41. Re7+ Kb6 42. Bd1 Rh2 43. Rxe5 Rh1 44. Bg4 Nxb3 45. Kc4 Nc5 46. Re8 Rh4 47. Rb8+ Nb7 48. Rg8 a5 49. Rg6 Nc5 50. h6 Ne6 51. h7 Nf8 

0-1

[Event "Olympiad Istanbul_M"]
[Site "?"]
[Date "2012.09.03"]
[Round "?"]
[White "Wang, Yue"]
[Black "Dizdarevic, Emir"]
[WhiteElo "2685"]
[BlackElo "2499"]
[Result "1-0"]

1. c4 b6 2. d4 Bb7 3. Nc3 e6 4. e4 Bb4 5. f3 Qh4+ 6. g3 Bxc3+ 7. bxc3 Qh5 8. Nh3 f5 9. Nf4 Qf7 10. exf5 Qxf5 11. Bd3 Qa5 12. Qc2 Nf6 13. O-O O-O 14. Rb1 Bc6 15. g4 Ba4 16. Qg2 g6 17. g5 Ne8 18. Nxg6 hxg6 19. Bxg6 Kg7 20. Be4 Nc6 21. d5 Ne7 22. Ba3 Nd6 23. Qh3 Rh8 24. Qg3 Ng6 25. Bb4 Qa6 26. Bxd6 cxd6 27. Qxd6 Rae8 28. dxe6 dxe6 29. Rb4 Qa5 30. c5 Rd8 31. Rxa4 Qxa4 32. Qxe6 Qe8 33. Qf6+ Kh7 34. Re1 Rd7 35. h4 

1-0

[Event "8th RUS-CHN Summit Men Classical"]
[Site "?"]
[Date "2012.07.03"]
[Round "?"]
[White "Matlakov, Maxim"]
[Black "Wang, Yue"]
[WhiteElo "2668"]
[BlackElo "2697"]
[Result "1/2-1/2"]

1. d4 d5 2. c4 c6 3. Nc3 Nf6 4. Nf3 dxc4 5. a4 Bf5 6. e3 e6 7. Bxc4 Bb4 8. O-O Nbd7 9. Qe2 Bg6 10. e4 O-O 11. Bd3 Bh5 12. e5 Nd5 13. Nxd5 cxd5 14. Qe3 Be7 15. Ne1 Bg6 16. f4 Qb6 17. a5 Qc6 18. Bd2 Bxd3 19. Nxd3 f5 20. exf6 Nxf6 21. Rfc1 Qa6 22. Rc7 Rae8 23. Nb4 Bxb4 24. Bxb4 Rf7 25. Rac1 Rxc7 26. Rxc7 Kh8 27. Qe5 Qd3 28. h3 h6 29. Rxb7 Rc8 30. Bc5 Rg8 31. Kh2 Ne4 32. f5 exf5 33. Rxa7 Nd2 34. Re7 Nf1+ 35. Kg1 Ng3 36. Re6 Kh7 37. a6 f4 38. Qxf4 Qd1+ 39. Kh2 Nf1+ 40. Kg1 Ng3+ 41. Kh2 Nf1+ 42. Kg1 

1/2-1/2

[Event "8th RUS-CHN Summit Men Rapid"]
[Site "?"]
[Date "2012.07.07"]
[Round "?"]
[White "Wang, Yue"]
[Black "Tomashevsky, Evgeny"]
[WhiteElo "2697"]
[BlackElo "2733"]
[Result "1/2-1/2"]

1. Nf3 d5 2. d4 Nf6 3. c4 e6 4. Nc3 Bb4 5. Bg5 Nbd7 6. e3 c5 7. cxd5 exd5 8. Be2 Bxc3+ 9. bxc3 Qa5 10. O-O c4 11. Nd2 O-O 12. Qc2 Re8 13. Bh4 Ne4 14. Nxe4 Rxe4 15. Bg3 Re8 16. Rfb1 Nf6 17. Rb4 Ne4 18. Qb2 b6 19. Be5 f6 20. Bf4 g5 21. Bg3 Bd7 22. a4 Re7 23. Bf3 Qa6 24. h3 Rd8 25. Bc7 Rc8 26. Bh2 Qb7 27. Bg4 f5 28. Be2 Qc6 29. Be5 Rf8 30. Qa3 Rfe8 31. Rd1 Qg6 32. Bf3 h5 33. Qb2 h4 34. a5 g4 35. hxg4 fxg4 36. Bxe4 Qxe4 37. Qb1 b5 38. Qxe4 dxe4 39. a6 Re6 40. Ra1 Rg6 41. Rb2 Ree6 42. Rba2 Bc8 43. Bb8 Rxa6 44. Bxa7 Rxa2 45. Rxa2 b4 46. Bc5 bxc3 47. Rc2 Ra6 48. Rxc3 Ra1+ 49. Kh2 Ra2 50. Be7 h3 51. Kg3 Be6 52. Rc1 Kf7 53. Bh4 Ra5 54. d5 Rxd5 55. Rxc4 Rh5 56. Rc7+ Kg6 57. Rc6 Kf7 58. Rc7+ Kg6 

1/2-1/2

[Event "8th RUS-CHN Summit Men Rapid"]
[Site "?"]
[Date "2012.07.07"]
[Round "?"]
[White "Wang, Yue"]
[Black "Vitiugov, Nikita"]
[WhiteElo "2697"]
[BlackElo "2703"]
[Result "1-0"]

1. Nf3 c5 2. g3 g6 3. Bg2 Bg7 4. c4 Nc6 5. Nc3 e6 6. a3 Nge7 7. Rb1 a5 8. d3 O-O 9. h4 d5 10. cxd5 exd5 11. h5 Bg4 12. hxg6 hxg6 13. Bg5 Qd6 14. Qd2 Rfe8 15. Bf4 Qd7 16. Bh6 Bf6 17. Bg5 Bg7 18. Qf4 Qe6 19. Bh6 Bf6 20. Kf1 Qf5 21. Nb5 Red8 22. Qxf5 Bxf5 23. Bg5 Bg7 24. Bh3 Bxh3+ 25. Rxh3 a4 26. Kg2 Ra5 27. Nc3 b5 28. e4 f6 29. Bh6 b4 30. Nxd5 Rxd5 31. Bxg7 Kxg7 32. Rbh1 Rh5 33. Rxh5 bxa3 34. bxa3 c4 35. R5h4 

1-0

[Event "8th RUS-CHN Summit Men Rapid"]
[Site "?"]
[Date "2012.07.07"]
[Round "?"]
[White "Nepomniachtchi, Ian"]
[Black "Wang, Yue"]
[WhiteElo "2718"]
[BlackElo "2697"]
[Result "0-1"]

1. e4 c5 2. Nf3 Nc6 3. c3 d5 4. exd5 Qxd5 5. d4 Bf5 6. Na3 cxd4 7. Nb5 O-O-O 8. cxd4 e5 9. Qa4 Bb4+ 10. Bd2 Bxd2+ 11. Kxd2 Kb8 12. Bc4 Qe4 13. Rhe1 Qf4+ 14. Ke2 a6 15. Kf1 axb5 16. Bxb5 Nxd4 17. Rxe5 Nf6 18. Re7 Be4 19. Rd1 Nxb5 20. Rxb7+ Kxb7 21. Qxb5+ Kc8 

0-1

[Event "8th RUS-CHN Summit Men Rapid"]
[Site "?"]
[Date "2012.07.07"]
[Round "?"]
[White "Wang, Yue"]
[Black "Jakovenko, Dmitry"]
[WhiteElo "2697"]
[BlackElo "2736"]
[Result "1/2-1/2"]

1. c4 Nf6 2. Nc3 c5 3. g3 e6 4. Bg2 d5 5. cxd5 exd5 6. d3 Nc6 7. Bg5 Be7 8. Nh3 d4 9. Bxf6 Bxf6 10. Ne4 Be7 11. Nf4 O-O 12. O-O Bd7 13. Nd5 Rc8 14. a3 Be6 15. Nxe7+ Qxe7 16. Qa4 Bd7 17. Rfc1 b6 18. Bf3 Na5 19. Qd1 Be6 20. Nd2 Rfd8 21. Rab1 Ba2 22. Ra1 Be6 23. Rab1 Ba2 24. Ra1 Be6 

1/2-1/2

[Event "8th RUS-CHN Summit Men Rapid"]
[Site "?"]
[Date "2012.07.08"]
[Round "?"]
[White "Wang, Yue"]
[Black "Matlakov, Maxim"]
[WhiteElo "2697"]
[BlackElo "2668"]
[Result "1/2-1/2"]

1. c4 e6 2. d4 d5 3. Nf3 Nf6 4. g3 Bb4+ 5. Nc3 O-O 6. Bg2 dxc4 7. O-O Nc6 8. Bg5 h6 9. Bxf6 Qxf6 10. e3 Rb8 11. Qc2 b5 12. b3 cxb3 13. axb3 Bd7 14. Rfc1 Rfd8 15. Ne1 Be8 16. Nd3 Bd6 17. Ne4 Qe7 18. Nxd6 Rxd6 19. Qc5 Rb6 20. Bf3 a6 21. Kg2 Qd8 22. h4 Qb8 23. b4 Qd8 24. Ra2 Bd7 25. Ne5 Nxe5 26. Qxe5 Bc6 27. Rac2 Bxf3+ 28. Kxf3 c6 29. Qe4 Qd7 30. g4 Rd5 31. Rc5 g6 32. Ke2 Qd6 33. h5 g5 34. Qc2 Kg7 35. Qc3 Kg8 36. Rxc6 Rxc6 37. Qxc6 Qxb4 38. Qa8+ Kg7 39. Rc8 Qb2+ 40. Kf3 Qb1 41. Rg8+ Kf6 42. Qf8 Qd1+ 43. Ke4 

1/2-1/2

[Event "8th RUS-CHN Summit Men Rapid"]
[Site "?"]
[Date "2012.07.08"]
[Round "?"]
[White "Vitiugov, Nikita"]
[Black "Wang, Yue"]
[WhiteElo "2703"]
[BlackElo "2697"]
[Result "1/2-1/2"]

1. d4 d5 2. c4 c6 3. Nf3 Nf6 4. Qb3 dxc4 5. Qxc4 Bf5 6. g3 e6 7. Bg2 Nbd7 8. O-O Be7 9. e3 O-O 10. Rd1 Qc7 11. Nc3 Nd5 12. Ne1 Nxc3 13. bxc3 e5 14. e4 Bg4 15. Nf3 Rad8 16. h3 Be6 17. Qe2 f6 18. c4 exd4 19. Nxd4 Bf7 20. Nf5 Ne5 21. Bf4 Bc5 22. h4 Rxd1+ 23. Rxd1 Rd8 24. Bf1 Be6 25. h5 Rxd1 26. Qxd1 Qd7 27. Qxd7 Bxd7 28. Be3 Bxf5 29. Bxc5 Bxe4 30. f4 b6 31. Bd6 Nd7 32. Kf2 Kf7 33. Ke3 Ke6 34. Bb4 f5 35. Bc3 Nf6 36. Be2 g6 37. hxg6 hxg6 38. a4 Bc2 39. a5 Ne4 40. axb6 axb6 41. Be5 Nd6 42. g4 c5 43. Kd2 Ba4 44. gxf5+ gxf5 45. Kc3 Bc6 46. Bd3 Be4 47. Be2 Kd7 48. Bh5 Nc8 49. Bd1 Ne7 50. Ba4+ Bc6 51. Bc2 Be4 52. Ba4+ Kc8 53. Be8 Kd8 54. Bh5 Nc6 55. Bf6+ Kd7 56. Bd1 Ke6 57. Bg5 Kd6 58. Bf6 Ke6 59. Bg5 Nd4 60. Bd8 b5 61. cxb5 Nxb5+ 62. Kc4 Nd6+ 63. Kc3 Kd5 64. Be2 Bg2 65. Bc7 Ne4+ 66. Kd3 c4+ 67. Kc2 Ng3 68. Bd1 Be4+ 69. Kc3 Bg2 70. Bc2 Ne2+ 71. Kd2 Nd4 72. Ba4 Ke4 73. Kc3 Bf1 74. Bd7 Bd3 75. Kd2 Nf3+ 76. Kc3 Nd4 77. Kd2 Kd5 78. Kc3 Ne2+ 79. Kd2 Ng3 80. Be5 Ne4+ 81. Ke3 Nd6 82. Kd2 Nb7 83. Bc8 Nc5 84. Kc3 Kc6 85. Bxf5 

1/2-1/2

[Event "8th RUS-CHN Summit Men Rapid"]
[Site "?"]
[Date "2012.07.08"]
[Round "?"]
[White "Wang, Yue"]
[Black "Nepomniachtchi, Ian"]
[WhiteElo "2697"]
[BlackElo "2718"]
[Result "0-1"]

1. c4 g6 2. g3 Bg7 3. Bg2 c5 4. Nc3 Nc6 5. Nf3 e5 6. O-O Nge7 7. a3 d6 8. b4 e4 9. Ng5 h6 10. Ngxe4 f5 11. bxc5 fxe4 12. cxd6 Qxd6 13. Nxe4 Qe6 14. Rb1 O-O 15. d3 b6 16. Bb2 Bxb2 17. Rxb2 Rb8 18. c5 Rd8 19. Qd2 Kg7 20. Rfb1 Nd5 21. Nc3 Nce7 22. e4 Nxc3 23. Qxc3+ Qf6 24. e5 Qe6 25. c6 Rd5 26. c7 Ra8 27. d4 Bd7 28. Rc1 Rc8 29. Qb4 Rb5 30. Qd2 Rxb2 31. Qxb2 Nd5 32. Bxd5 Qxd5 33. Qc3 Bh3 34. Qc6 Qxc6 35. Rxc6 Bd7 36. Rc1 Be6 37. Rc6 Kf7 38. f4 Bd7 39. Rc1 Ke6 40. Kf2 Kd5 41. Ke3 h5 42. Rc2 Bc6 43. h3 Bd7 44. g4 hxg4 45. hxg4 Bxg4 46. Rc1 Bd7 47. Rc2 Bf5 48. Rc1 Rh8 49. a4 a5 50. Kf2 Kxd4 51. Rc6 Rc8 52. Kg3 Kd5 

0-1

[Event "13th Karpov GM"]
[Site "?"]
[Date "2012.09.30"]
[Round "?"]
[White "Ponomariov, Ruslan"]
[Black "Wang, Yue"]
[WhiteElo "2729"]
[BlackElo "2691"]
[Result "1/2-1/2"]

1. e4 e5 2. Bc4 Nf6 3. d3 c6 4. Nf3 d5 5. Bb3 Bd6 6. Nc3 dxe4 7. Ng5 O-O 8. Ngxe4 Nxe4 9. Nxe4 Bf5 10. Qf3 Bxe4 11. dxe4 Nd7 12. O-O Nc5 13. Be3 Nxb3 14. axb3 Qc7 15. Rfd1 a6 16. Bb6 Qxb6 17. Rxd6 Rad8 18. Qd3 Rxd6 19. Qxd6 Rd8 20. Qxe5 Qd4 21. Qxd4 Rxd4 22. Re1 Rd2 23. Rc1 Re2 24. Kf1 Rxe4 25. Rd1 Kf8 26. Rd7 Re7 27. Rd8+ Re8 28. Rd7 Re7 29. Rd8+ Re8 

1/2-1/2

[Event "13th Karpov GM"]
[Site "?"]
[Date "2012.10.01"]
[Round "?"]
[White "Wang, Yue"]
[Black "Bruzon Batista, Lazaro"]
[WhiteElo "2691"]
[BlackElo "2713"]
[Result "1/2-1/2"]

1. d4 d6 2. Nf3 Nf6 3. c4 g6 4. Nc3 Bf5 5. g3 Ne4 6. Bd2 Bg7 7. Bg2 c6 8. Nh4 Nxc3 9. Bxc3 Be6 10. Qb3 Bc8 11. d5 Bxc3+ 12. Qxc3 O-O 13. O-O cxd5 14. Bxd5 Nd7 15. Rfd1 Qc7 16. Rac1 Nf6 17. Bg2 Bg4 18. Qe3 Rfe8 19. Nf3 Rac8 20. Nd4 a6 21. b4 Bd7 22. c5 d5 23. Nb3 Bc6 24. Qf4 Kg7 25. Qxc7 Rxc7 26. Rd2 e6 27. f4 Ba4 28. Nd4 Rec8 29. Rd3 Kf8 30. Ra3 Bd7 31. Bf3 h6 32. g4 g5 33. e3 Ke7 34. Kf2 Rg8 35. h3 Be8 36. Ra5 Bd7 37. a4 Rgc8 38. h4 b6 39. Rxa6 bxc5 40. bxc5 Rxc5 41. Rxc5 Rxc5 42. hxg5 hxg5 43. a5 gxf4 44. exf4 Ne8 45. Be2 Nf6 46. Ra7 Ne4+ 47. Kg2 Kd6 48. g5 Rc7 49. Ra6+ Kc5 50. Nb3+ Kb4 51. Rb6+ Kc3 52. a6 Bc8 53. Na5 Nc5 54. Bb5 Bxa6 55. Bxa6 Ra7 56. Nb7 Nxa6 57. Nd6 Kd3 58. Nxf7 Rxf7 

1/2-1/2

[Event "13th Karpov GM"]
[Site "?"]
[Date "2012.10.02"]
[Round "?"]
[White "Wojtaszek, Radoslaw"]
[Black "Wang, Yue"]
[WhiteElo "2713"]
[BlackElo "2691"]
[Result "1/2-1/2"]

1. d4 d5 2. c4 c6 3. Nc3 Nf6 4. e3 Bf5 5. cxd5 cxd5 6. Qb3 Nc6 7. Qxb7 Bd7 8. Qb3 Rb8 9. Qd1 e5 10. Nf3 Bd6 11. dxe5 Nxe5 12. Be2 Qc7 13. Nd4 O-O 14. h3 Ne4 15. Nxe4 dxe4 16. b3 Qc5 17. Bb2 Qa5+ 18. Kf1 Rfc8 19. g3 Rb6 20. Kg2 h5 21. h4 Ng4 22. Rc1 Rxc1 23. Qxc1 Qe5 24. Nc2 Qf5 25. Qe1 Bb8 26. Bxg4 Qxg4 27. Qd1 Qf5 28. Nd4 Qg6 29. Qd2 Kh7 30. Qa5 Qg4 31. Qg5 Qxg5 32. hxg5 Kg6 33. f4 exf3+ 34. Nxf3 Bc6 35. Rc1 Bb7 36. Rc5 Ra6 37. a4 Rb6 38. Rb5 Rxb5 39. axb5 Kf5 40. Kf2 Kg4 41. Be5 Bxf3 42. Bxb8 Be4 

1/2-1/2

[Event "13th Karpov GM"]
[Site "?"]
[Date "2012.10.04"]
[Round "?"]
[White "Rublevsky, Sergei"]
[Black "Wang, Yue"]
[WhiteElo "2693"]
[BlackElo "2691"]
[Result "1/2-1/2"]

1. e4 e5 2. Nf3 Nf6 3. d4 Nxe4 4. Bd3 d5 5. Nxe5 Nd7 6. Nxd7 Bxd7 7. O-O Bd6 8. Qh5 Qf6 9. Nc3 Qxd4 10. Be3 Qe5 11. Qxe5+ Bxe5 12. Nxd5 Nf6 13. Rae1 Nxd5 14. Bd2 f6 15. f4 Nxf4 16. Bxf4 O-O 17. Bxe5 fxe5 18. Bc4+ Kh8 19. Rxe5 Rxf1+ 20. Kxf1 Re8 21. Rxe8+ Bxe8 22. Kf2 g5 23. Ke3 Kg7 24. Kd4 Kf6 25. Bd5 b6 26. Be4 h5 27. a3 Ke6 28. g3 c5+ 29. Ke3 Ke5 30. h4 gxh4 

1/2-1/2

[Event "13th Karpov GM"]
[Site "?"]
[Date "2012.10.05"]
[Round "?"]
[White "Wang, Yue"]
[Black "Bologan, Viktor"]
[WhiteElo "2691"]
[BlackElo "2712"]
[Result "1/2-1/2"]

1. d4 Nf6 2. c4 e6 3. g3 c5 4. d5 exd5 5. cxd5 d6 6. Nc3 g6 7. Bg2 Bg7 8. Nf3 O-O 9. O-O Re8 10. Bf4 Ne4 11. Nxe4 Rxe4 12. Nd2 Rxf4 13. gxf4 Bxb2 14. Rb1 Bg7 15. Nc4 Na6 16. e4 Rb8 17. Qa4 Bd7 18. Qa3 Nb4 19. Nxd6 Qf6 20. Nc4 Qxf4 21. Qxa7 b5 22. d6 Rf8 23. Ne3 Be5 24. Rfd1 Qxh2+ 25. Kf1 Bh3 26. Qxc5 Nxa2 27. Rb3 Bxg2+ 28. Nxg2 Bxd6 29. Qxd6 Qh1+ 30. Ke2 Qxg2 31. Qe7 b4 32. Ke3 Qh3+ 33. f3 Qh6+ 34. Kf2 Qh2+ 35. Ke3 Nc3 36. Rd8 Qg1+ 37. Kf4 Ne2+ 38. Ke5 Qa1+ 39. Kd6 Qd4+ 40. Kc7 Qa7+ 41. Kd6 Qd4+ 42. Kc7 Qc4+ 43. Kb6 Rxd8 44. Qxd8+ Kg7 45. Qd5 Qd4+ 46. Qxd4+ Nxd4 47. Rd3 Ne6 48. Kb5 Kf6 49. Kxb4 Ke5 50. Kc3 Kf4 51. Kd2 h5 52. Rd7 Kxf3 53. Rxf7+ Kxe4 54. Re7 Kf5 55. Ke3 h4 56. Kf3 Ng5+ 

1/2-1/2